00333nam a22001337a 4500008004100000020001800041082001500059100001700074245001600091250001200107260004000119300002600159650001400185221031b |||||||| |||| 00| 0 eng d a9789388206518 a346.07 SIN aSingh, Avtar aCompany Law a17th ed aLucknowbEastern Book Companyc2018 acxlvii, 794 p:c24 cm aCE Books